Trappist Bieren - Statistieken

Algemene statistieken
  • Deze quiz is 9 keer genomen
  • De gemiddelde score is 4 van 9
Antwoordstatistieken
Land, provincie Antwoord % Correct
Nederland, Noord-Brabant La Trappe
75%
België, Luxemburg Orval
63%
België, Antwerpen Westmalle
63%
België, West-Vlaanderen Westvleteren
63%
België, Henegouwen Chimay
50%
Nederland, Noord-Brabant Zundert
50%
België, Namen Rochefort
25%
Italië, Rome Tre Fontane
0%
Verenigd Koninkrijk, Leicestershire Tynt Meadow
0%
Geen overeenkomende quizzen gevonden
Scoreverdeling
Procent van Mensen met Elke Score
Percentiel versus Aantal Correcte Antwoorden
Uw Scoregeschiedenis
U heeft deze quiz nog niet genomen